<?xml version="1.0" encoding="UTF-8"?>
<record
    xmlns:xsi="http://www.w3.org/2001/XMLSchema-instance"
    xsi:schemaLocation="http://www.loc.gov/MARC21/slim http://www.loc.gov/standards/marcxml/schema/MARC21slim.xsd"
    xmlns="http://www.loc.gov/MARC21/slim">

  <leader>00479nam a22001577a 4500</leader>
  <controlfield tag="003">OSt</controlfield>
  <controlfield tag="005">20151118090407.0</controlfield>
  <controlfield tag="008">151118b        xxu||||| |||| 00| 0 eng d</controlfield>
  <datafield tag="040" ind1=" " ind2=" ">
    <subfield code="c">RUA </subfield>
  </datafield>
  <datafield tag="082" ind1=" " ind2=" ">
    <subfield code="a">FIS &#x17A0;&#x17C1;&#x1784; 1993 B153 Or.1</subfield>
  </datafield>
  <datafield tag="100" ind1=" " ind2=" ">
    <subfield code="9">3829</subfield>
    <subfield code="a">&#x17A0;&#x17C1;&#x1784; &#x179F;&#x17BB;&#x1781;</subfield>
  </datafield>
  <datafield tag="245" ind1=" " ind2=" ">
    <subfield code="a">&#x1780;&#x17B6;&#x179A;&#x1785;&#x17B7;&#x1789;&#x17D2;&#x1785;&#x17B9;&#x1798;&#x1794;&#x17C6;&#x1794;&#x17C9;&#x1793; &#x1793;&#x17B7;&#x1784;&#x1785;&#x17C6;&#x178E;&#x17B8;&#x1780;&#x17BC;&#x1793;&#x178F;&#x17D2;&#x179A;&#x17B8;&#x1794;&#x17D2;&#x179A;&#x17B6;&#x17BB;,</subfield>
  </datafield>
  <datafield tag="260" ind1=" " ind2=" ">
    <subfield code="a">Phnom Penh </subfield>
    <subfield code="b">RUA </subfield>
    <subfield code="c">1993</subfield>
  </datafield>
  <datafield tag="300" ind1=" " ind2=" ">
    <subfield code="a">86p.</subfield>
    <subfield code="b">ill.</subfield>
    <subfield code="c">29cm.</subfield>
  </datafield>
  <datafield tag="942" ind1=" " ind2=" ">
    <subfield code="2">ddc</subfield>
    <subfield code="c">FIS</subfield>
  </datafield>
  <datafield tag="999" ind1=" " ind2=" ">
    <subfield code="c">3562</subfield>
    <subfield code="d">3562</subfield>
  </datafield>
  <datafield tag="952" ind1=" " ind2=" ">
    <subfield code="0">0</subfield>
    <subfield code="1">0</subfield>
    <subfield code="2">ddc</subfield>
    <subfield code="4">0</subfield>
    <subfield code="6">FIS_&#x17A0;&#x17C1;&#x1784;_1993_000000000000000_B153_OR_1</subfield>
    <subfield code="7">0</subfield>
    <subfield code="9">17201</subfield>
    <subfield code="a">LBB</subfield>
    <subfield code="b">LBB</subfield>
    <subfield code="c">B153</subfield>
    <subfield code="d">2015-11-18</subfield>
    <subfield code="o">FIS &#x17A0;&#x17C1;&#x1784; 1993 B153 Or.1</subfield>
    <subfield code="p">RUA020412</subfield>
    <subfield code="r">2015-11-18</subfield>
    <subfield code="w">2015-11-18</subfield>
    <subfield code="y">FIS</subfield>
  </datafield>
  <datafield tag="952" ind1=" " ind2=" ">
    <subfield code="0">0</subfield>
    <subfield code="1">0</subfield>
    <subfield code="2">ddc</subfield>
    <subfield code="4">0</subfield>
    <subfield code="6">FIS_&#x17A0;&#x17C1;&#x1784;_1993_000000000000000_B153_OR_2</subfield>
    <subfield code="7">0</subfield>
    <subfield code="9">17202</subfield>
    <subfield code="a">LBB</subfield>
    <subfield code="b">LBB</subfield>
    <subfield code="c">B153</subfield>
    <subfield code="d">2015-11-18</subfield>
    <subfield code="o">FIS &#x17A0;&#x17C1;&#x1784; 1993 B153 Or.2</subfield>
    <subfield code="p">RUA020478</subfield>
    <subfield code="r">2015-11-18</subfield>
    <subfield code="w">2015-11-18</subfield>
    <subfield code="y">FIS</subfield>
  </datafield>
  <datafield tag="952" ind1=" " ind2=" ">
    <subfield code="0">0</subfield>
    <subfield code="1">0</subfield>
    <subfield code="2">ddc</subfield>
    <subfield code="4">0</subfield>
    <subfield code="6">FIS_&#x17A0;&#x17C1;&#x1784;_1993_000000000000000_B153_OR_3</subfield>
    <subfield code="7">0</subfield>
    <subfield code="9">17203</subfield>
    <subfield code="a">LBB</subfield>
    <subfield code="b">LBB</subfield>
    <subfield code="c">B153</subfield>
    <subfield code="d">2015-11-18</subfield>
    <subfield code="o">FIS &#x17A0;&#x17C1;&#x1784; 1993 B153 Or.3</subfield>
    <subfield code="p">RUA020415</subfield>
    <subfield code="r">2015-11-18</subfield>
    <subfield code="w">2015-11-18</subfield>
    <subfield code="y">FIS</subfield>
  </datafield>
  <datafield tag="952" ind1=" " ind2=" ">
    <subfield code="0">0</subfield>
    <subfield code="1">0</subfield>
    <subfield code="2">ddc</subfield>
    <subfield code="4">0</subfield>
    <subfield code="6">FIS_&#x17A0;&#x17C1;&#x1784;_1993_000000000000000_B153_OR_4</subfield>
    <subfield code="7">0</subfield>
    <subfield code="9">17204</subfield>
    <subfield code="a">LBB</subfield>
    <subfield code="b">LBB</subfield>
    <subfield code="c">B153</subfield>
    <subfield code="d">2015-11-18</subfield>
    <subfield code="o">FIS &#x17A0;&#x17C1;&#x1784; 1993 B153 Or.4</subfield>
    <subfield code="p">RUA020631</subfield>
    <subfield code="r">2015-11-18</subfield>
    <subfield code="w">2015-11-18</subfield>
    <subfield code="y">FIS</subfield>
  </datafield>
  <datafield tag="952" ind1=" " ind2=" ">
    <subfield code="0">0</subfield>
    <subfield code="1">0</subfield>
    <subfield code="2">ddc</subfield>
    <subfield code="4">0</subfield>
    <subfield code="6">FIS_&#x17A0;&#x17C1;&#x1784;_1993_000000000000000_B153_OR_5</subfield>
    <subfield code="7">0</subfield>
    <subfield code="9">17205</subfield>
    <subfield code="a">LBB</subfield>
    <subfield code="b">LBB</subfield>
    <subfield code="c">B153</subfield>
    <subfield code="d">2015-11-18</subfield>
    <subfield code="o">FIS &#x17A0;&#x17C1;&#x1784; 1993 B153 Or.5</subfield>
    <subfield code="p">RUA020703</subfield>
    <subfield code="r">2015-11-18</subfield>
    <subfield code="w">2015-11-18</subfield>
    <subfield code="y">FIS</subfield>
  </datafield>
</record>
